Feeding fish or pond . . .?
The aim of this research was to generate knowledge on how dietary macro-nutrients (with a focus on dietary carbohydrates) determine fish growth directly and indirectly (via natural food) in ponds.
Zapisane w:
| Format: | Książka |
|---|---|
| Język: | Undetermined |
| Wydane: |
Wageningen
Wageningen University
2019
|
| Hasła przedmiotowe: | |
| Etykiety: |
Dodaj etykietę
Nie ma etykietki, Dołącz pierwszą etykiete!
|
| Thư viện lưu trữ: | Trung tâm Học liệu Trường Đại học Cần Thơ |
|---|
| LEADER | 00717nam a2200193Ia 4500 | ||
|---|---|---|---|
| 001 | CTU_237159 | ||
| 008 | 210402s9999 xx 000 0 und d | ||
| 082 | |a 639.085 | ||
| 082 | |b K11 | ||
| 245 | 0 | |a Feeding fish or pond . . .? | |
| 245 | 0 | |c Kazi Ahmed Kabir | |
| 260 | |a Wageningen | ||
| 260 | |b Wageningen University | ||
| 260 | |c 2019 | ||
| 520 | |a The aim of this research was to generate knowledge on how dietary macro-nutrients (with a focus on dietary carbohydrates) determine fish growth directly and indirectly (via natural food) in ponds. | ||
| 650 | |a Cá,Fishes | ||
| 650 | |x Thức ăn và cho ăn,Feeding and feeds | ||
| 910 | |b nthai | ||
| 980 | |a Trung tâm Học liệu Trường Đại học Cần Thơ | ||